Т.3. Ч. 2: Анализаторы, блоки, накопление и обработка информации; Труды шестой научно-технической конференции по ядерной радиоэлектронике, 24-29 февраля 1964 г., г. Москва

التفاصيل البيبلوغرافية
Parent link:Труды шестой научно-технической конференции по ядерной радиоэлектронике, 24-29 февраля 1964 г., г. Москва: в 4 т./ под ред. К. Э. Эрглиса. Т.3. Ч. 2: Анализаторы, блоки, накопление и обработка информации.— , 1964 -1966
اللغة:الروسية
منشور في: 1965
الموضوعات:
التنسيق: MixedMaterials كتاب
KOHA link:https://koha.lib.tpu.ru/cgi-bin/koha/opac-detail.pl?biblionumber=264250

MARC

LEADER 00000nam2a2200000 4500
001 264250
005 20231101233820.0
035 |a (RuTPU)RU\TPU\book\287241 
090 |a 264250 
100 |a 20140618d1965 k y0rusy50 ca 
101 0 |a rus 
102 |a RU 
105 |a a z 101zy 
200 0 |a Т.3. Ч. 2: Анализаторы, блоки, накопление и обработка информации 
210 |d 1965 
215 |a 210 с.  |c ил. 
320 |a Библиография в конце докладов. 
461 1 |0 (RuTPU)RU\TPU\book\94792  |t Труды шестой научно-технической конференции по ядерной радиоэлектронике, 24-29 февраля 1964 г., г. Москва  |o в 4 т.  |f под ред. К. Э. Эрглиса  |v Т.3. Ч. 2: Анализаторы, блоки, накопление и обработка информации  |d 1964 -1966 
606 1 |a Ядерная радиоэлектроника  |2 stltpush  |3 (RuTPU)RU\TPU\subj\21557  |9 46521 
610 1 |a анализаторы 
610 1 |a блоки 
610 1 |a накопление 
610 1 |a информация 
610 1 |a обработка 
610 1 |a методы 
610 1 |a устройства 
675 |a 539.1.075(063)  |v 3 
801 1 |a RU  |b 63413507  |c 20140618 
801 2 |a RU  |b 63413507  |c 20140623  |g RCR 
942 |c BK